¡Literary Terms! Quiz Stats

 Plays Quiz not verified by Sporcle

Support Sporcle.
Go Orange.
Score 0/33 Timer 16:00
0 Plays Today
Letter it starts with Literary Term % Correct
AAlliteration
90.1%
AAntagonist
85.1%
PPersonification
80.2%
OOxymoron
79.3%
AAllusion
78.5%
HHyperbole
78.5%
FForeshadowing
76%
MMetaphor
75.2%
SSimile
75.2%
SSetting
72.7%
CConflict
71.1%
TTone
66.1%
CClimax
65.3%
IImagery
65.3%
JJuxtaposition
65.3%
DDiction
63.6%
OOnomatopoeia
63.6%
Letter it starts with Literary Term % Correct
AAssonance
62.8%
FFlashback
62.8%
TTheme
62.8%
IIrony
62%
SSymbol
62%
CCharacterization
61.2%
MMotif
61.2%
CConnotation
59.5%
RRhyme
59.5%
DDenotation
55.4%
RRhythm
52.9%
SSyntax
50.4%
AAnaphora
47.1%
SSynecdoche
46.3%
CCacaphony
33.9%
SSynesthesia
30.6%

You're not logged in!

Compare scores with friends on all Sporcle quizzes.
OR
Log In

From the Vault

Absent Letter Beverages

by RobFitz

Sorry, we drank them all. There isn't any more for sharing.
Remove Ads.
Support Sporcle.
Get the best of Sporcle when you Go Orange. This ad-free experience offers more features, more stats, and more fun while also helping to support Sporcle. Thank you for becoming a member.

Show Comments

Extras

Top Quizzes Today


Score Distribution

Your Account Isn't Verified!

In order to create a playlist on Sporcle, you need to verify the email address you used during registration. Go to your Sporcle Settings to finish the process.

Report this User

Report this user for behavior that violates our Community Guidelines.

Details: